000
00298nam a22001337a 4500
008
170907b xxu||||| |||| 00| 0 eng d
020
_a
9780393930368
041
_a
eng
080
_2
3 ED
_a
91
100
_a
42
101
_a
GEO
245
_a
EARTH POTRAIT PLANET
_c
MARSHAK.S
942
_2
udc
_c
BK
999
_c
26620
_d
26620